El rey de los topos y su hija / (Registro nro. 15829)
[ vista simple ]
| 000 -LEADER | |
|---|---|
| fixed length control field | 01916nam a22002777a 4500 |
| 003 - CONTROL NUMBER IDENTIFIER | |
| control field | OSt |
| 005 - DATE AND TIME OF LATEST TRANSACTION | |
| control field | 20221014124623.0 |
| 008 - FIXED-LENGTH DATA ELEMENTS--GENERAL INFORMATION | |
| fixed length control field | 220210s2015 ck a|||br|||| 00| 1 spa d |
| 020 ## - INTERNATIONAL STANDARD BOOK NUMBER | |
| International Standard Book Number | 9789588827452 |
| 040 ## - CATALOGING SOURCE | |
| Original cataloging agency | CO-JMCR |
| Transcribing agency | CO-JMCR |
| 041 0# - LANGUAGE CODE | |
| Language code of text/sound track or separate title | spa |
| 082 04 - DEWEY DECIMAL CLASSIFICATION NUMBER | |
| Classification number | C / |
| Item number | DUMr |
| 100 1# - MAIN ENTRY--PERSONAL NAME | |
| Personal name | Dumas, Alejandro, |
| Relator term | autor |
| 9 (RLIN) | 41935 |
| 245 13 - TITLE STATEMENT | |
| Title | El rey de los topos y su hija / |
| Statement of responsibility, etc. | Alejandro Dumas ; traductor, Pedro Lama ; editor, Iván Hernández ; ilustradora, Paula Bossio |
| 250 ## - EDITION STATEMENT | |
| Edition statement | Primera edición |
| 260 ## - PUBLICATION, DISTRIBUTION, ETC. | |
| Place of publication, distribution, etc. | Bogotá : |
| Name of publisher, distributor, etc. | Ministerio de Cultura, |
| Date of publication, distribution, etc. | 2015. |
| 300 ## - PHYSICAL DESCRIPTION | |
| Extent | 28, [3] páginas : |
| Other physical details | ilustraciones a color ; |
| Dimensions | 27 cm. |
| 490 0# - SERIES STATEMENT | |
| Series statement | Leer es mi cuento ; |
| Volume/sequential designation | 10 |
| 520 3# - SUMMARY, ETC. | |
| Summary, etc. | A los niños de hoy, de ayer y de siempre, les gustan que les cuenten historias; y si quien las cuenta es alguien muy querido por el niño, seguramente que esas historias no las olvidará nunca. De esta manera las historias pasan de una generación a otra, y de esta otra a otra... Pues bien, eso fue lo que sucedió con El Rey de los Topos y su Hija: Alejandro Dumas, considerado por muchos el más grande novelista francés de todos los tiempos, lo contó a una pareja de niños una noche de invierno, hace más de 150 años. Luego lo escribió, y acompañado de otros cuentos suyos, también muy hermosos, lo publicó en un libro que el llamo El Contador de cuentos.<br/>Este libro ha sido leído por millones de lectores en todo el mundo. Así llegó hasta nosotros. Hoy se lo regalamos a los hogares colombianos, a las bibliotecas, sobre todo a los niños de este país, con la certeza de que, al igual que los otros libros de la seria Leer es mi cuento, les proporcionará un rato de felicidad. |
| 650 14 - SUBJECT ADDED ENTRY--TOPICAL TERM | |
| Topical term or geographic name entry element | Cuentos infantiles |
| 9 (RLIN) | 13979 |
| 650 24 - SUBJECT ADDED ENTRY--TOPICAL TERM | |
| Topical term or geographic name entry element | Animales |
| 700 1# - ADDED ENTRY--PERSONAL NAME | |
| Personal name | Lama, Pedro, |
| Relator term | traductor |
| 9 (RLIN) | 41936 |
| 700 1# - ADDED ENTRY--PERSONAL NAME | |
| Personal name | Hernández, Iván, |
| Relator term | editor |
| 9 (RLIN) | 8307 |
| 700 1# - ADDED ENTRY--PERSONAL NAME | |
| Personal name | Bossio, Paula, |
| Relator term | ilustradora |
| 9 (RLIN) | 41931 |
| 942 ## - ADDED ENTRY ELEMENTS (KOHA) | |
| Source of classification or shelving scheme | Dewey Decimal Classification |
| Koha item type | Books |
| Withdrawn status | Lost status | Source of classification or shelving scheme | Damaged status | Not for loan | Collection code | Home library | Current library | Shelving location | Date acquired | Source of acquisition | Total Checkouts | Total Renewals | Full call number | Barcode | Date last seen | Date last checked out | Copy number | Price effective from | Koha item type |
|---|---|---|---|---|---|---|---|---|---|---|---|---|---|---|---|---|---|---|---|
| Dewey Decimal Classification | Fiction | Biblioteca Pública José María del Castillo y Rada | Biblioteca Pública José María del Castillo y Rada | Children's Area | 02/10/2022 | Donación | 2 | 2 | C / DUMr | 201811382 | 02/27/2026 | 02/27/2026 | Ej.1 | 02/10/2022 | Books |